[Event "Aarhus Sommer A"]
[Site "Aarhus"]
[Date "2009.07.14"]
[Round "7"]
[White "Kristiansen, Jens"]
[Black "Repkova, Eva"]
[Result "0-1"]
[WhiteElo "2435"]
[BlackElo "2428"]
[PlyCount "106"]
[EventDate "2009.07.08"]
[EventType "tourn"]
[EventRounds "9"]
[EventCountry "DEN"]
[EventCategory "5"]
[SourceTitle "CBM 131 Extra"]
[Source "ChessBase"]
[SourceDate "2009.09.03"]

1. d4 Nf6 2. Nf3 e6 3. Bg5 c5 4. e3 Be7 5. Nbd2 b6 6. Bd3 Bb7 7. O-O O-O 8. c3
d5 9. Ne5 Ne4 10. Bf4 f6 11. Nef3 Bd6 12. Bxd6 Qxd6 13. Qc2 Qc6 14. c4 Na6 15.
cxd5 exd5 16. a3 c4 17. Nxe4 dxe4 18. Qxc4+ Kh8 19. Qxc6 Bxc6 20. Bxa6 exf3 21.
Rfc1 Be4 22. gxf3 Bxf3 23. Bf1 Rad8 24. Bg2 Bxg2 25. Kxg2 f5 26. f4 g5 27. Kg3
Rfe8 28. Rc3 h6 29. h3 Re4 30. Rf1 Rd5 31. a4 Kg7 32. b4 Kg6 33. b5 Kh5 34. h4
gxh4+ 35. Kf3 Rd7 36. Rg1 Rde7 37. Rd3 h3 38. d5 Rd7 39. d6 Re6 40. Rd5 Rf6 41.
Rgd1 Kh4 42. R1d2 Rg6 43. Rxf5 Rdxd6 44. Rh2 Rg3+ 45. Ke4 Rd1 46. Rc2 Re1 47.
Rc6 Rgxe3+ 48. Kd5 Rd1+ 49. Kc4 Rc1+ 50. Kd4 Rxc6 51. bxc6 h2 52. Rf6 h5 53.
Kxe3 h1=Q 0-1

[Event "Aarhus Sommer A"]
[Site "Aarhus"]
[Date "2009.07.12"]
[Round "5"]
[White "Kristiansen, Jens"]
[Black "Andersen, Jackie"]
[Result "1-0"]
[WhiteElo "2435"]
[BlackElo "2292"]
[PlyCount "79"]
[EventDate "2009.07.08"]
[EventType "tourn"]
[EventRounds "9"]
[EventCountry "DEN"]
[EventCategory "5"]
[SourceTitle "CBM 131 Extra"]
[Source "ChessBase"]
[SourceDate "2009.09.03"]

1. d4 Nf6 2. Nf3 b5 3. Bg5 Bb7 4. e3 a6 5. Nbd2 e6 6. Bd3 h6 7. Bh4 d6 8. h3 c5
9. c3 Be7 10. O-O cxd4 11. cxd4 g5 12. Bg3 g4 13. hxg4 Nxg4 14. Be4 Bxe4 15.
Nxe4 h5 16. Rc1 O-O 17. Bf4 Re8 18. Qc2 Ra7 19. Neg5 Bxg5 20. Bxg5 f6 21. Qg6+
Rg7 22. Qxh5 fxg5 23. Qxg4 Nd7 24. Nd2 Nf6 25. Qe2 g4 26. g3 e5 27. Qd3 Nh7 28.
dxe5 Rxe5 29. Rc6 Ng5 30. Rxd6 Qf8 31. Rd8 Re8 32. Qd5+ Kh8 33. Rxe8 Qxe8 34.
Kg2 Nh3 35. Ne4 Qf8 36. f3 Qc8 37. Qh5+ Rh7 38. Qe5+ Rg7 39. fxg4 Qc2+ 40. Kxh3
1-0

[Event "Aarhus Sommer A"]
[Site "Aarhus"]
[Date "2009.07.14"]
[Round "7"]
[White "Peterson, Eric"]
[Black "Hagesaether, Ellen"]
[Result "1/2-1/2"]
[WhiteElo "2248"]
[BlackElo "2249"]
[PlyCount "110"]
[EventDate "2009.07.08"]
[EventType "tourn"]
[EventRounds "9"]
[EventCountry "DEN"]
[EventCategory "5"]
[SourceTitle "CBM 131 Extra"]
[Source "ChessBase"]
[SourceDate "2009.09.03"]

1. e4 d6 2. d4 Nf6 3. Nc3 g6 4. f4 Bg7 5. Nf3 c5 6. Bb5+ Bd7 7. e5 Ng4 8. e6
Bxb5 9. exf7+ Kd7 10. Nxb5 Qa5+ 11. Nc3 cxd4 12. Nxd4 h5 13. Qf3 Nc6 14. Nde2
Raf8 15. h3 Nh6 16. Be3 Nf5 17. Bf2 Kc8 18. O-O Rxf7 19. Rfd1 e6 20. Qe4 Re7
21. a3 d5 22. Qf3 Nd6 23. b4 Qc7 24. Bc5 b6 25. Bxd6 Qxd6 26. Rac1 Qb8 27. Na4
b5 28. c4 bxc4 29. Rxc4 dxc4 30. Qxc6+ Qc7 31. Qa6+ Kb8 32. Nc5 c3 33. Qc4 Qb6
34. Kh1 Rd8 35. Na6+ Kb7 36. Nc5+ Kb8 37. Na6+ Kb7 38. Qe4+ Kxa6 39. b5+ Kxb5
40. Rb1+ Ka6 41. Qc4+ Kb7 42. Rxb6+ axb6 43. Nxc3 Rd4 44. Qf1 e5 45. fxe5 Bxe5
46. Qf3+ Kc8 47. Nb5 Rd2 48. g3 Bc7 49. Na7+ Kd7 50. Qc6+ Kd8 51. Qa8+ Kd7 52.
Qc6+ Kd8 53. Qf6 Rd1+ 54. Kg2 Rd2+ 55. Kh1 Rd1+ 1/2-1/2

[Event "Aarhus Sommer A"]
[Site "Aarhus"]
[Date "2009.07.15"]
[Round "8"]
[White "Peterson, Eric"]
[Black "Skytte, Rasmus"]
[Result "0-1"]
[WhiteElo "2248"]
[BlackElo "2396"]
[PlyCount "118"]
[EventDate "2009.07.08"]
[EventType "tourn"]
[EventRounds "9"]
[EventCountry "DEN"]
[EventCategory "5"]
[SourceTitle "CBM 131 Extra"]
[Source "ChessBase"]
[SourceDate "2009.09.03"]

1. e4 c5 2. d4 cxd4 3. c3 Nf6 4. e5 Nd5 5. Qxd4 e6 6. Nf3 Nc6 7. Qe4 f5 8. Qe2
Qc7 9. g3 b6 10. Bg2 Ncb4 11. c4 Ba6 12. b3 b5 13. a3 Qa5 14. O-O bxc4 15. bxc4
Nc6 16. Qc2 Nb6 17. Nbd2 Rc8 18. Bb2 Qa4 19. Rfc1 Be7 20. Bf1 Qxc2 21. Rxc2 Na4
22. Nd4 Na5 23. Bc1 Kf7 24. Bd3 Nb6 25. Nb5 Naxc4 26. Nxa7 Nxe5 27. Rxc8 Bxc8
28. Nxc8 Rxc8 29. Bb5 Rc2 30. Nb3 Bf6 31. Rb1 Nd5 32. Nd4 Ra2 33. Bb2 Ng4 34.
Bc4 Rxb2 35. Rxb2 Bxd4 36. Rd2 Bc5 37. Bxd5 exd5 38. a4 Ke6 39. a5 Ne5 40. Rc2
Nc4 41. a6 Kd6 42. Kf1 Kc6 43. Ra2 Ba3 44. Re2 Kb6 45. Re8 Kxa6 46. Rd8 Nb6 47.
Ke2 Be7 48. Re8 Bf6 49. Ke3 d4+ 50. Kd3 Kb5 51. f3 d5 52. g4 fxg4 53. fxg4 Nd7
54. h3 Nc5+ 55. Kd2 Kc4 56. Rc8 d3 57. Kd1 Kd4 58. Ra8 Ne4 59. h4 Bxh4 0-1

[Event "Aarhus Sommer A"]
[Site "Aarhus"]
[Date "2009.07.08"]
[Round "1"]
[White "Peterson, Eric"]
[Black "Igla, Bella"]
[Result "0-1"]
[WhiteElo "2248"]
[BlackElo "2235"]
[PlyCount "154"]
[EventDate "2009.07.08"]
[EventType "tourn"]
[EventRounds "9"]
[EventCountry "DEN"]
[EventCategory "5"]
[SourceTitle "CBM 131 Extra"]
[Source "ChessBase"]
[SourceDate "2009.09.03"]

1. e4 c5 2. d4 cxd4 3. c3 d3 4. Bxd3 Nc6 5. Nf3 g6 6. O-O Bg7 7. Qe2 d6 8. Rd1
Bg4 9. h3 Bxf3 10. Qxf3 Nf6 11. Qe2 O-O 12. Na3 Nd7 13. Bf4 a6 14. Nc4 b5 15.
Ne3 Nc5 16. Rac1 Ne6 17. Bg3 Bh6 18. Rc2 Qa5 19. a3 Qb6 20. Nd5 Qb7 21. Qg4 Ne5
22. Qe2 Nc5 23. Bxe5 dxe5 24. Qg4 Ne6 25. h4 Rad8 26. h5 Rd6 27. hxg6 hxg6 28.
g3 Qd7 29. Be2 Kg7 30. Kg2 Rh8 31. Rh1 Kf8 32. Bf3 Nc5 33. Qxd7 Nxd7 34. c4 e6
35. c5 Rc6 36. b4 Kg7 37. Nc3 Rd8 38. Rd1 Rcc8 39. Be2 Nb8 40. Rxd8 Rxd8 41. a4
bxa4 42. Nxa4 Rd2 43. Rxd2 Bxd2 44. b5 axb5 45. Bxb5 Ba5 46. Kf3 Kf6 47. Ke3
Ke7 48. Kd3 Kd8 49. f3 Be1 50. g4 Ba5 51. Nb2 Ke7 52. Nc4 Bb4 53. c6 Bd6 54.
Nb6 Bc7 55. Nc4 Bd6 56. Kc3 Bc7 57. Kb3 Bd6 58. Ka4 Bc7 59. Na5 Kf6 60. Nb3 Kg5
61. Nd2 Kf4 62. Kb3 Ke3 63. Kc2 g5 64. Kd1 Kd4 65. Ke2 Kc5 66. Ba4 Kb4 67. Bb3
Nxc6 68. Ba2 Kc3 69. Nf1 Nd4+ 70. Kf2 Bb6 71. Bb1 Nc6+ 72. Ke2 Nd4+ 73. Kf2
Nb3+ 74. Ke2 Kb2 75. Bd3 Nc1+ 76. Kd2 Ba5+ 77. Ke3 Kc3 0-1

[Event "Aarhus Sommer A"]
[Site "Aarhus"]
[Date "2009.07.12"]
[Round "5"]
[White "Peterson, Eric"]
[Black "Repkova, Eva"]
[Result "1/2-1/2"]
[WhiteElo "2248"]
[BlackElo "2428"]
[PlyCount "34"]
[EventDate "2009.07.08"]
[EventType "tourn"]
[EventRounds "9"]
[EventCountry "DEN"]
[EventCategory "5"]
[SourceTitle "CBM 131 Extra"]
[Source "ChessBase"]
[SourceDate "2009.09.03"]

1. e4 e6 2. d4 d5 3. Nc3 Nf6 4. Bg5 Be7 5. e5 Nfd7 6. Bxe7 Qxe7 7. f4 O-O 8.
Nf3 c5 9. Qd2 Nc6 10. O-O-O cxd4 11. Nxd4 f6 12. exf6 Nxf6 13. Be2 Bd7 14. Bf3
Rac8 15. Rhe1 Nxd4 16. Qxd4 Qc5 17. Qxc5 Rxc5 1/2-1/2

[Event "Aarhus Sommer A"]
[Site "Aarhus"]
[Date "2009.07.10"]
[Round "3"]
[White "Peterson, Eric"]
[Black "Andersen, Jackie"]
[Result "1/2-1/2"]
[WhiteElo "2248"]
[BlackElo "2292"]
[PlyCount "84"]
[EventDate "2009.07.08"]
[EventType "tourn"]
[EventRounds "9"]
[EventCountry "DEN"]
[EventCategory "5"]
[SourceTitle "CBM 131 Extra"]
[Source "ChessBase"]
[SourceDate "2009.09.03"]

1. e4 g6 2. d4 Nf6 3. e5 Nh5 4. Nc3 d6 5. Be3 Nc6 6. Be2 dxe5 7. dxe5 Qxd1+ 8.
Rxd1 Bd7 9. Nf3 a6 10. O-O h6 11. h3 Ng7 12. Bf4 O-O-O 13. Rfe1 Ne6 14. Bg3 Bg7
15. Nd5 Nc5 16. Bf1 Bf5 17. b4 Be4 18. Nxe7+ Nxe7 19. bxc5 Rxd1 20. Rxd1 Bxc2
21. Rd2 Be4 22. Bc4 Rd8 23. Bxf7 Rxd2 24. Nxd2 Bd5 25. Bxd5 Nxd5 26. f4 Kd7 27.
Kf2 Bf8 28. Nb3 Nb4 29. a4 Ke6 30. Kf3 Kd5 31. Bf2 Nd3 32. Be3 Bxc5 33. Nxc5
Nxc5 34. Bxc5 Kxc5 35. Ke4 b5 36. axb5 axb5 37. g4 b4 38. f5 gxf5+ 39. gxf5 Kc6
40. f6 Kd7 41. f7 Ke7 42. e6 b3 1/2-1/2

[Event "Aarhus Sommer A"]
[Site "Aarhus"]
[Date "2009.07.10"]
[Round "3"]
[White "Repkova, Eva"]
[Black "Hagesaether, Ellen"]
[Result "1-0"]
[WhiteElo "2428"]
[BlackElo "2249"]
[PlyCount "97"]
[EventDate "2009.07.08"]
[EventType "tourn"]
[EventRounds "9"]
[EventCountry "DEN"]
[EventCategory "5"]
[SourceTitle "CBM 131 Extra"]
[Source "ChessBase"]
[SourceDate "2009.09.03"]

1. e4 d6 2. d4 Nf6 3. Nc3 g6 4. f4 Bg7 5. Nf3 c5 6. e5 Nfd7 7. exd6 exd6 8.
Qe2+ Kf8 9. Be3 Nc6 10. O-O-O Qa5 11. Qb5 a6 12. Qxa5 Nxa5 13. Ne4 d5 14. Nxc5
Nf6 15. Ne5 b6 16. Na4 b5 17. Bd2 Nc4 18. Bb4+ Kg8 19. Bxc4 bxa4 20. Nc6 Bf8
21. Ne7+ Kg7 22. Nxd5 Be6 23. Bxf8+ Rhxf8 24. Nxf6 Kxf6 25. d5 Bg4 26. Rd4 Rfd8
27. d6 Bd7 28. Re1 Bb5 29. Bxb5 axb5 30. d7 Ra7 31. Red1 Rb7 32. a3 h5 33. g3
Ke7 34. R1d3 f6 35. Kd2 Rc7 36. Rd5 Rb7 37. h4 Rb6 38. f5 g5 39. R3d4 Rb7 40.
Rd6 g4 41. Ke3 Rc7 42. c3 Kf7 43. R4d5 Ke7 44. Re6+ Kf7 45. Rdd6 Rcxd7 46.
Rxf6+ Kg7 47. Rg6+ Kf7 48. Rdf6+ Ke7 49. Kf4 1-0

[Event "Aarhus Sommer A"]
[Site "Aarhus"]
[Date "2009.07.15"]
[Round "8"]
[White "Repkova, Eva"]
[Black "Igla, Bella"]
[Result "1-0"]
[WhiteElo "2428"]
[BlackElo "2235"]
[PlyCount "57"]
[EventDate "2009.07.08"]
[EventType "tourn"]
[EventRounds "9"]
[EventCountry "DEN"]
[EventCategory "5"]
[SourceTitle "CBM 131 Extra"]
[Source "ChessBase"]
[SourceDate "2009.09.03"]

1. e4 c5 2. b3 d6 3. Bb2 Nf6 4. Nc3 Nc6 5. f4 g6 6. Bb5 Bg7 7. Nd5 O-O 8. Nxf6+
exf6 9. Qf3 Nb4 10. Bd3 Re8 11. Ne2 f5 12. Bxg7 Kxg7 13. O-O fxe4 14. Bxe4 d5
15. Qc3+ Kg8 16. Bf3 Qb6 17. a3 Nc6 18. Ng3 Ne7 19. Rae1 Bd7 20. Re5 Qd6 21.
Qd3 f6 22. Bxd5+ Kg7 23. Ne4 Qb6 24. Qc3 c4+ 25. Kh1 cxb3 26. Bxb3 Nf5 27. Rd5
Rxe4 28. Rxd7+ Kh6 29. Qh3+ 1-0

[Event "Aarhus Sommer A"]
[Site "Aarhus"]
[Date "2009.07.13"]
[Round "6"]
[White "Repkova, Eva"]
[Black "Skytte, Rasmus"]
[Result "1/2-1/2"]
[WhiteElo "2428"]
[BlackElo "2396"]
[PlyCount "43"]
[EventDate "2009.07.08"]
[EventType "tourn"]
[EventRounds "9"]
[EventCountry "DEN"]
[EventCategory "5"]
[SourceTitle "CBM 131 Extra"]
[Source "ChessBase"]
[SourceDate "2009.09.03"]

1. e4 e5 2. Nf3 Nc6 3. Bb5 Nge7 4. O-O g6 5. d4 exd4 6. Nxd4 Bg7 7. Be3 O-O 8.
Nc3 a6 9. Be2 d5 10. exd5 Nxd5 11. Nxd5 Nxd4 12. Bc4 Nc6 13. Qd2 Be6 14. Bg5
Qd6 15. Rad1 Bxd5 16. Qxd5 Qb4 17. a3 Qxb2 18. Rb1 Qxa3 19. Rxb7 Qd6 20. Qxd6
cxd6 21. Rb6 Nd4 22. Bxa6 1/2-1/2

[Event "Aarhus Sommer A"]
[Site "Aarhus"]
[Date "2009.07.08"]
[Round "1"]
[White "Repkova, Eva"]
[Black "Andersen, Jackie"]
[Result "1-0"]
[WhiteElo "2428"]
[BlackElo "2292"]
[PlyCount "49"]
[EventDate "2009.07.08"]
[EventType "tourn"]
[EventRounds "9"]
[EventCountry "DEN"]
[EventCategory "5"]
[SourceTitle "CBM 131 Extra"]
[Source "ChessBase"]
[SourceDate "2009.09.03"]

1. e4 g6 2. d4 Nf6 3. Nc3 d5 4. Bd3 dxe4 5. Nxe4 Bg7 6. Nf3 Nxe4 7. Bxe4 c5 8.
dxc5 Qa5+ 9. c3 Qxc5 10. Be3 Qc7 11. O-O Nd7 12. Nd4 O-O 13. f4 Nc5 14. Bc2 Bd7
15. a4 e5 16. Nb5 Bxb5 17. axb5 exf4 18. Bxf4 Qb6 19. Be3 Rae8 20. Qf3 Qxb5 21.
b4 Nd3 22. Ba4 Qc4 23. Bxe8 Rxe8 24. Rad1 Bxc3 25. Rxd3 1-0

[Event "Aarhus Sommer A"]
[Site "Aarhus"]
[Date "2009.07.16"]
[Round "9"]
[White "Skytte, Rasmus"]
[Black "Hagesaether, Ellen"]
[Result "1/2-1/2"]
[WhiteElo "2396"]
[BlackElo "2249"]
[PlyCount "23"]
[EventDate "2009.07.08"]
[EventType "tourn"]
[EventRounds "9"]
[EventCountry "DEN"]
[EventCategory "5"]
[SourceTitle "CBM 131 Extra"]
[Source "ChessBase"]
[SourceDate "2009.09.03"]

1. e4 d6 2. d4 Nf6 3. Nc3 g6 4. Bg5 Bg7 5. Qd2 h6 6. Bh4 g5 7. Bg3 Nh5 8. Nge2
Nc6 9. f3 Nxg3 10. hxg3 e6 11. g4 Bd7 12. O-O-O 1/2-1/2

[Event "Aarhus Sommer A"]
[Site "Aarhus"]
[Date "2009.07.14"]
[Round "7"]
[White "Skytte, Rasmus"]
[Black "Andersen, Mads"]
[Result "1/2-1/2"]
[WhiteElo "2396"]
[BlackElo "2336"]
[PlyCount "52"]
[EventDate "2009.07.08"]
[EventType "tourn"]
[EventRounds "9"]
[EventCountry "DEN"]
[EventCategory "5"]
[SourceTitle "CBM 131 Extra"]
[Source "ChessBase"]
[SourceDate "2009.09.03"]

1. Nf3 Nf6 2. c4 g6 3. Nc3 d5 4. cxd5 Nxd5 5. Qa4+ Bd7 6. Qh4 Bc6 7. Qd4 f6 8.
e3 Bg7 9. Bc4 e5 10. Qd3 Nb6 11. Qxd8+ Kxd8 12. Be2 a5 13. d4 exd4 14. Nxd4
Bxg2 15. Rg1 Bh3 16. e4 Nc6 17. Nxc6+ bxc6 18. f4 Bf8 19. Be3 Be6 20. Kf2 Kc8
21. Rgc1 Kb7 22. Rc2 Bd6 23. Rac1 g5 24. e5 fxe5 25. Bxb6 cxb6 26. Ne4 Bf8
1/2-1/2

[Event "Aarhus Sommer A"]
[Site "Aarhus"]
[Date "2009.07.10"]
[Round "3"]
[White "Skytte, Rasmus"]
[Black "Glud, Jakob Vang"]
[Result "1/2-1/2"]
[WhiteElo "2396"]
[BlackElo "2462"]
[PlyCount "163"]
[EventDate "2009.07.08"]
[EventType "tourn"]
[EventRounds "9"]
[EventCountry "DEN"]
[EventCategory "5"]
[SourceTitle "CBM 131 Extra"]
[Source "ChessBase"]
[SourceDate "2009.09.03"]

1. e4 e6 2. d4 d5 3. Nd2 dxe4 4. Nxe4 Bd7 5. Nf3 Bc6 6. Bd3 Nd7 7. O-O Ngf6 8.
Qe2 Nxe4 9. Bxe4 Bxe4 10. Qxe4 c6 11. c4 Be7 12. Bf4 O-O 13. Rfd1 Qa5 14. Qe2
Qf5 15. Bg3 Rfe8 16. Rac1 Rad8 17. Qe3 Qa5 18. Qb3 Qa6 19. Bc7 Rc8 20. Bf4 Red8
21. Ne5 Nxe5 22. Bxe5 Bd6 23. h3 b6 24. a3 Rd7 25. Qg3 Bxe5 26. Qxe5 Rcd8 27.
Rd3 b5 28. Qc5 g6 29. b3 bxc4 30. Rxc4 Rd5 31. Qxc6 Qxa3 32. Ra4 Qe7 33. Qc4 a5
34. Qc3 Qa7 35. f4 h5 36. Qd2 Qb6 37. Kh2 Rb5 38. Qe3 Rb8 39. Rc3 Qd6 40. h4
Rf5 41. g3 Rd5 42. Rac4 Rd8 43. Rd3 Kh7 44. Qc1 Qb6 45. Qc3 R8d7 46. Rc6 Qd8
47. Rc4 Qe7 48. Ra4 Qd8 49. Rc4 Qf6 50. Qd2 Qf5 51. Qe3 Rb7 52. Rc5 Rb4 53. Rc4
Rdb5 54. Rc5 Qf6 55. Qe5 Qxe5 56. Rxe5 Rxb3 57. Rxb3 Rxb3 58. Rxa5 Rb2+ 59. Kg1
Rd2 60. Ra7 Kg7 61. Ra4 Kf6 62. Kf1 Kf5 63. Ra7 f6 64. Rd7 Ke4 65. Rg7 Kf3 66.
Ke1 Rxd4 67. Rxg6 Re4+ 68. Kf1 f5 69. Kg1 Re1+ 70. Kh2 Re2+ 71. Kh1 Rf2 72. Rg5
Rg2 73. Rxh5 Rxg3 74. Rh6 Kf2 75. Kh2 Rg2+ 76. Kh3 Rg1 77. Kh2 Re1 78. h5 Kf3
79. Rg6 Rd1 80. Rxe6 Kxf4 81. h6 Kg5 82. Kg3 1/2-1/2